<?xml version="1.0" encoding="UTF-8" ?>
<collection xmlns="http://www.loc.gov/MARC21/slim"><record><leader>00761nam a2200193 c 4500</leader><controlfield tag="001">155833</controlfield><controlfield tag="003">Zü176</controlfield><controlfield tag="005">20220428165928.0</controlfield><datafield tag="035" ind1=" " ind2=" "><subfield code="a">(OCoLC)927734932</subfield></datafield><datafield tag="041" ind1=" " ind2=" "><subfield code="a">ger</subfield></datafield><datafield tag="100" ind1="1" ind2="0"><subfield code="a">Züricher, Bertha</subfield></datafield><datafield tag="245" ind1="0" ind2="0"><subfield code="a">Postkarte, Vinelz, 29.I.15, Frau Hedwig Severt, Kunsthaus, Zürich</subfield><subfield code="b">Sehr geehrte Frau ...</subfield><subfield code="c">Mit besten Grüssen B. Züricher, z. Zt. Vinelz, Ct. Bern</subfield><subfield code="h">Manuskript</subfield></datafield><datafield tag="260" ind1=" " ind2=" "><subfield code="a">Vinelz</subfield><subfield code="c">1915</subfield></datafield><datafield tag="300" ind1=" " ind2=" "><subfield code="a">1 Blatt</subfield><subfield code="c">9 x 14 cm</subfield></datafield><datafield tag="600" ind1="1" ind2="7"><subfield code="a">Züricher, Bertha</subfield><subfield code="x">Postkarte</subfield><subfield code="x">Handschrift</subfield><subfield code="2">gnd</subfield></datafield><datafield tag="610" ind1="2" ind2="7"><subfield code="a">Kunsthaus Zürich</subfield><subfield code="x">Ausstellung</subfield><subfield code="x">Geschäftsbrief</subfield><subfield code="2">gnd</subfield></datafield><datafield tag="700" ind1="1" ind2="0"><subfield code="a">Servert, Hedwig</subfield><subfield code="e">Adressat</subfield></datafield><datafield tag="852" ind1="4" ind2="0"><subfield code="a">CH-000273-5</subfield><subfield code="c">10.30.30.161.züricher.19150129</subfield></datafield><datafield tag="856" ind1="4" ind2="1"><subfield code="u">https://digital.kunsthaus.ch/viewer/image/155833/1/</subfield><subfield code="y">Kunsthaus Zürich Sammlungen online</subfield></datafield></record></collection>